| 000 | 00879nam a2200229 a 4500 | ||
|---|---|---|---|
| 001 | BRCA_1959 | ||
| 005 | 20190320203621.0 | ||
| 008 | 121206s1981----mx-a---###---#000-0#spa-d | ||
| 020 | _a9684200986 (Obra completa) | ||
| 050 | 4 |
_aN6553 _b.C82 1981 |
|
| 245 | 1 | 0 |
_a40 (i.e. Cuarenta) siglos de arte mexicano _cPaul Westheim ... [et al.] ; coord. cronológico-cultural e índice gral. de il. Román Pina Chán. |
| 250 | _a2 | ||
| 260 |
_aMéxico _bHerrero : Promexa _c1981 |
||
| 300 |
_a8 v. _bil. (algunas a color) _c33 cm. |
||
| 500 | _aIncluye índice general de ilustraciones | ||
| 505 | 0 | _aContenido : v.1-2. Arte prehispánico. -- v.3-4. Arte colonial. -- v.5-6. Arte moderno y contemporáneo. -- v.7-8. Arte popular | |
| 650 | 1 | 4 |
_aArte _xHistoria _zMéxico _9898 |
| 700 | 1 |
_aWestheim, Paul _96016 |
|
| 700 | 1 |
_aPiña Chán, Román _9819 |
|
| 902 | _aREF | ||
| 942 |
_2lcc _cB |
||
| 999 |
_c1729 _d1729 |
||